000 00566nam a2200205Ia 4500
005 20260429112046.0
008 260429s9999||||xx |||||||||||||| ||und||
020 _a9789369678563
041 _aEnglish
082 _a613.7046
_bPRA
100 _aPrasad , Suresh
245 0 _aArt and business of teaching yoga /
_cSuresh Prasad
250 _a1st ed.
260 _aNew Delhi :
_bScientific Books International,
_c2026.
300 _a280 p.; hb
650 _a Business management
650 _a Teacher education
650 _aYoga instruction
942 _cTB
999 _c52130
_d52130